Quantum optics IV : (Record no. 193609)

000 -LEADER
fixed length control field 01060 a2200241 4500
003 - CONTROL NUMBER IDENTIFIER
control field Nust
005 - DATE AND TIME OF LATEST TRANSACTION
control field 20221202115217.0
010 ## - LIBRARY OF CONGRESS CONTROL NUMBER
LC control number 86017650
020 ## - INTERNATIONAL STANDARD BOOK NUMBER
International Standard Book Number 0387168389 (U.S.)
040 ## - CATALOGING SOURCE
Transcribing agency Nust
082 00 - DEWEY DECIMAL CLASSIFICATION NUMBER
Classification number 539,QUA
245 00 - TITLE STATEMENT
Title Quantum optics IV :
Remainder of title proceedings of the fourth international symposium, Hamilton, New Zealand, February 10-15, 1986 /
Statement of responsibility, etc. editors, J.D. Harvey and D.F. Walls.
260 ## - PUBLICATION, DISTRIBUTION, ETC.
Place of publication, distribution, etc. Berlin ;
-- New York :
Name of publisher, distributor, etc. Springer-Verlag,
Date of publication, distribution, etc. c1986.
300 ## - PHYSICAL DESCRIPTION
Extent ix, 285 p. :
Other physical details ill. ;
Dimensions 25 cm.
490 1# - SERIES STATEMENT
Series statement Springer proceedings in physics ;
Volume/sequential designation 12
505 ## - FORMATTED CONTENTS NOTE
Formatted contents note Part: I Squeezed States of Light (Page-1), Part: II Optical Bistability and Chaos (Page-110), Part: II Fundamentals Problems in Quantum Mechanics (Page-162), Part: IV Optical Test of General Relativity and Other Contributions (Page-254).
650 #0 - SUBJECT ADDED ENTRY--TOPICAL TERM
Topical term or geographic name entry element Quantum optics
General subdivision Congresses.
9 (RLIN) 104000
700 1# - ADDED ENTRY--PERSONAL NAME
Personal name Harvey, J. D.
9 (RLIN) 104001
700 1# - ADDED ENTRY--PERSONAL NAME
Personal name Walls, D. F.
9 (RLIN) 104002
740 0# - ADDED ENTRY--UNCONTROLLED RELATED/ANALYTICAL TITLE
Uncontrolled related/analytical title Quantum optics four.
830 #0 - SERIES ADDED ENTRY--UNIFORM TITLE
Uniform title Springer proceedings in physics ;
9 (RLIN) 104003
942 ## - ADDED ENTRY ELEMENTS (KOHA)
Source of classification or shelving scheme
Koha item type Book
Call number prefix 539,QUA
Holdings
Withdrawn status Lost status Source of classification or shelving scheme Damaged status Not for loan Permanent Location Current Location Shelving location Date acquired Full call number Barcode Date last seen Price effective from Koha item type Public note
          Military College of Signals (MCS) Military College of Signals (MCS) General Stacks 12/12/2016 539,QUA MCS21273 12/08/2016 12/12/2016 Book Almirah No.16, Shelf No.6
© 2023 Central Library, National University of Sciences and Technology. All Rights Reserved.